000 00544cam a2200145 4500500
005 20260208020459.0
041 _afre
042 _adc
100 1 0 _aGabaude, Jean-Marc
_eauthor
245 0 0 _aAntonin Artaud, Van Gogh, le suicidé de la société, Paris, Gallimard, 2001, 94 p.
260 _c2004.
500 _a55
786 0 _nRevue philosophique de la France et de l'étranger | 129 | 1 | 2004-03-01 | p. 77zo-138zo | 0035-3833
856 4 1 _uhttps://shs.cairn.info/revue-philosophique-2004-1-page-77zo?lang=fr&redirect-ssocas=7080
999 _c1660938
_d1660938